| 000 | 00741nam a22002297a 4500 | ||
|---|---|---|---|
| 999 |
_c14788 _d14788 |
||
| 003 | AR-CdUCM | ||
| 008 | 190424b ||||| |||| 00| 0 spa d | ||
| 020 | _a978-612-4039-81-2 | ||
| 040 |
_aMUNICIPALIDAD PROVINCIAL DEL CUSCO _cBIBLIOTECA MUNICIPAL DEL CUSCO |
||
| 082 |
_aPI / 808.06 / _bH41 |
||
| 100 |
_aHeredia, MarĂa Fernanda _932495 |
||
| 245 | _aPor si no te lo he dicho / | ||
| 260 |
_aLima : _bQuad Graphics, _c2013. |
||
| 300 |
_bilustraciones, _c22 cm. |
||
| 440 |
_aCuenta Cosas Alfaguara. _933686 |
||
| 650 |
_aLiteratura infantil _9588 |
||
| 650 |
_aHistorietas infantiles _931778 |
||
| 650 |
_aAprendizaje infantil _933271 |
||
| 710 |
_aEditorial Santillana. _928518 |
||
| 942 |
_2ddc _cLIBROS |
||
| 945 |
_aachl _d2019-04-24 |
||